000 01084nam a2200229Ii 4500
003 JO-AjNU
008 230605s9999||||xx |||||||||||||| ||und||
017 _a21/0029
020 _a9960-32-084-7
040 _aJO-AjNU
_bara
_erda
_cJO-AjNU
041 _aara
050 1 4 _aBP173.75.N23 2000
100 3 _aتحرير: قحف، منذر ؛ مراجعة: حسن عبد الله الأمين,
_eauthor
_928095
245 0 0 _aندوة موارد الدولة المالية في المجتمع الإسلامي من وجهة النظر الإسلامية
250 _aط2
264 3 1 _aجدة: البنك الاسلامي المعهد الاسلامي للبحوث والتدريب، 2000
300 _a449ص
_bيتضمن ببلوغرافيا (ص431-449) ؛ يتضمن ملخصات اوراق باللغة الانجليزية( ص1-28)
336 _atext
_btxt
_2rdacontent
337 _aunmediated
_bn
_2rdamedia
338 _avolume
_bnc
_2rdacarrier
650 4 _aالاسلام والاقتصاد- المالية العامة- النظام المالي في الاسلام
_928096
999 _aA10854
_c14422
_d14422